-
AGARKAR, DR. P.H ,KULKARNI ,Dr. Y.A , MAHESHWARI Dr.V.L AND SURANA Dr.S..J
Entry Personal Name
Number of records used in: 1
001 - CONTROL NUMBER
003 - CONTROL NUMBER IDENTIFIER
005 - DATE AND TIME OF LATEST TRANSACTION
- control field:
20240108094737.0
008 - FIXED-LENGTH DATA ELEMENTS
- fixed length control field:
240108|| aca||aabn | a|a d
040 ## - CATALOGING SOURCE
- Original cataloging agency:
JRU
- Transcribing agency:
JRU
100 ## - HEADING--PERSONAL NAME
- Personal name:
AGARKAR, DR. P.H ,KULKARNI ,Dr. Y.A , MAHESHWARI Dr.V.L AND SURANA Dr.S..J
670 ## - SOURCE DATA FOUND
- Source citation:
Work cat.: (JRU)7877: AGARKAR, DR. P.H ,KULKARNI ,Dr. Y.A , MAHESHWARI Dr.V.L AND SURANA Dr.S..J, A PRACTICAL BOOK OF BIOCHEMISTRY [SEM-II]